Most generous countries - Statistics

General Stats
  • This quiz has been taken 38 times
  • The average score is 18 of 20
Answer Stats
Donor aid per capita Country % Correct
22.91 USA
100%
83.05 Austria
97%
77.87 Canada
97%
162.36 Finland
97%
302.51 Norway
97%
188.24 Sweden
97%
145.61 Switzerland
97%
176.06 United Kingdom
97%
67.96 Germany
95%
22.19 Iceland
95%
32.88 Spain
92%
389.53 Denmark
89%
17.20 Italy
89%
490.59 Luxembourg
89%
241.39 Netherlands
89%
103.15 Belgium
86%
43.75 Australia
84%
147.72 Ireland
78%
69.84 Japan
78%
25.46 Portugal
78%
No matching quizzes found
Score Distribution
Percent of People with Each Score
Percentile by Number Answered
Your Score History
You have not taken this quiz